<?xml version="1.0" encoding="UTF-8"?>
<record
    xmlns:xsi="http://www.w3.org/2001/XMLSchema-instance"
    xsi:schemaLocation="http://www.loc.gov/MARC21/slim http://www.loc.gov/standards/marcxml/schema/MARC21slim.xsd"
    xmlns="http://www.loc.gov/MARC21/slim">

  <leader>00602nam a22002177a 4500</leader>
  <controlfield tag="001"> 40667 </controlfield>
  <controlfield tag="003">UA-OsUOA</controlfield>
  <controlfield tag="005">20230509131139.0</controlfield>
  <controlfield tag="007">ta</controlfield>
  <controlfield tag="008">20060819b un ||||| |||| 00| 0 ukr d</controlfield>
  <datafield tag="040" ind1=" " ind2=" ">
    <subfield code="a">UA-OsUOA</subfield>
    <subfield code="b">ukr</subfield>
    <subfield code="c">UA-OsUOA</subfield>
    <subfield code="d">UA-OsUOA</subfield>
  </datafield>
  <datafield tag="041" ind1=" " ind2=" ">
    <subfield code="a">ukr</subfield>
  </datafield>
  <datafield tag="080" ind1=" " ind2=" ">
    <subfield code="a">328</subfield>
  </datafield>
  <datafield tag="090" ind1=" " ind2=" ">
    <subfield code="a">328</subfield>
    <subfield code="b">&#x420;15</subfield>
  </datafield>
  <datafield tag="245" ind1=" " ind2=" ">
    <subfield code="a">&#x420;&#x430;&#x434;&#x430; &#x404;&#x432;&#x440;&#x43E;&#x43F;&#x438;: 800 &#x43C;&#x456;&#x43B;&#x44C;&#x439;&#x43E;&#x43D;&#x456;&#x432; &#x454;&#x432;&#x440;&#x43E;&#x43F;&#x435;&#x439;&#x446;&#x456;&#x432;</subfield>
  </datafield>
  <datafield tag="260" ind1=" " ind2=" ">
    <subfield code="a">&#x41A;.</subfield>
    <subfield code="b">&#x41A;&#x430;&#x43B;&#x44C;&#x432;&#x430;&#x440;&#x456;&#x44F;</subfield>
    <subfield code="c">2001</subfield>
  </datafield>
  <datafield tag="300" ind1=" " ind2=" ">
    <subfield code="a">118 &#x441;.</subfield>
  </datafield>
  <datafield tag="650" ind1=" " ind2="7">
    <subfield code="a">328 &#x41F;&#x430;&#x440;&#x43B;&#x430;&#x43C;&#x435;&#x43D;&#x442;&#x438;. &#x41F;&#x440;&#x435;&#x434;&#x441;&#x442;&#x430;&#x432;&#x43D;&#x438;&#x446;&#x442;&#x432;&#x43E; &#x43D;&#x430;&#x440;&#x43E;&#x434;&#x443;. &#x423;&#x440;&#x44F;&#x434;&#x438;</subfield>
    <subfield code="2">UDC</subfield>
  </datafield>
  <datafield tag="942" ind1=" " ind2=" ">
    <subfield code="c">BK</subfield>
    <subfield code="2">udc</subfield>
  </datafield>
  <datafield tag="955" ind1=" " ind2=" ">
    <subfield code="a">1</subfield>
  </datafield>
  <datafield tag="999" ind1=" " ind2=" ">
    <subfield code="c">326809</subfield>
    <subfield code="d">326809</subfield>
  </datafield>
  <datafield tag="952" ind1=" " ind2=" ">
    <subfield code="0">0</subfield>
    <subfield code="1">0</subfield>
    <subfield code="2">udc</subfield>
    <subfield code="4">0</subfield>
    <subfield code="7">0</subfield>
    <subfield code="a">102</subfield>
    <subfield code="b">102</subfield>
    <subfield code="d">2006-08-19</subfield>
    <subfield code="e">85/2006</subfield>
    <subfield code="g">2.00</subfield>
    <subfield code="i">98237</subfield>
    <subfield code="l">0</subfield>
    <subfield code="o">328 &#x420;15</subfield>
    <subfield code="p">98237</subfield>
    <subfield code="r">2021-09-29 00:00:00</subfield>
    <subfield code="w">2006-08-19</subfield>
    <subfield code="y">BK</subfield>
  </datafield>
</record>
